| 000 | 00636nam a2200253 a 4500 | ||
|---|---|---|---|
| 003 | AR-BaBNM | ||
| 005 | 20251128205638.0 | ||
| 008 | 082120s2002 ||||||||||||||000 | spa|| | ||
| 020 | _a950-534-244-6 | ||
| 040 | _cAR-BaBNM | ||
| 100 | 1 | _aDaelli, Luciana | |
| 245 | 0 | 0 | _aLa verdadera historia de las medialunas |
| 250 | _a1ª ed. | ||
| 260 |
_aBuenos Aires _bA-Z editora _c1994 |
||
| 300 | _bil. | ||
| 490 | 0 | _aSerie del boleto | |
| 650 | 4 | _aCUENTOS | |
| 650 | 4 | _aLITERATURA INFANTIL | |
| 650 | 4 | _aLIBROS PARA NIÑOS | |
| 655 | _aLITERATURA | ||
| 700 | 1 |
_aTaubin, Alejandra _eilustrador |
|
| 942 | _cBK | ||
| 998 | _cCARMEN | ||
| 999 |
_c12218 _d12218 |
||